[Event "Catalunya-ch U18/20"]
[Site "Salou"]
[Date "2021.03.28"]
[Round "3"]
[White "Llonch Farres, Gerard"]
[Black "Ano Pla, Gerard"]
[Result "0-1"]
[WhiteElo "1646"]
[BlackElo "1975"]
[PlyCount "82"]
[EventDate "2021.03.27"]
[EventType "swiss"]
[EventRounds "9"]
[EventCountry "ESP"]
[SourceTitle "CBM 202 Extra"]
[Source "ChessBase"]
[SourceDate "2021.07.31"]
[SourceVersion "1"]
[SourceVersionDate "2021.07.31"]
[SourceQuality "1"]

1. e4 c5 2. Nf3 Nc6 3. Bb5 g6 4. Bxc6 bxc6 5. 0-0 Bg7 6. Re1 e5 7. c4 Ne7 8. Nc3 d6 9. d3 0-0 10. h3 h6 11. Nh2 f5 12. f4 exf4 13. Bxf4 fxe4 14. Qd2 g5 15. Bg3 Bd4+ 16. Kh1 Nf5 17. Nf1 Nxg3+ 18. Nxg3 Bf2 19. Ncxe4 Bxe1 20. Rxe1 Bf5 21. Qc3 Bxe4 22. Nh5 Qd7 23. Rxe4 Qf7 24. Ng3 Rae8 25. Rg4 Qf6 26. Qa5 Qe5 27. h4 Qe1+ 28. Qxe1 Rxe1+ 29. Kh2 Rf4 30. Rxf4 gxf4 31. Nf5 Re6 32. g4 fxg3+ 33. Kxg3 Re1 34. Kh2 Re6 35. Kg3 d5 36. Kf4 d4 37. b4 cxb4 38. Nxd4 Rf6+ 39. Ke5 Kf7 40. c5 a5 41. Nf5 Rxf5+ 0-1